Statistiken für 2022 MotoGP riders by numbers

Klicken Sie hier um das Quiz zu spielen!

Allgemein

  • Dieses Quiz wurde 125 mal gespielt
  • Das Durchschnittsergebnis liegt bei 18 aus 24

Antwortstatistiken

TeamNumberRider% Korrekt
Repsol Honda93Marc Márquez
95%
LCR Honda73Alex Márquez
94%
Ducati43Jack Miller
84%
KTM Redbull33Brad Binder
82%
VR46 Mooney10Luca Marini
82%
Yamaha21Franco Morbidelli
81%
Yamaha20Fabio Quartararo
80%
Prima Pramac Racing89Jorge Martin
80%
Yamaha RNF40Darryn Binder
78%
Suzuki Ecstar42Alex Rins
77%
Ducati63Francesco Bagnaia
77%
Suzuki Ecstar36Joan Mir
76%
Aprilia41Aleix Espargaró
75%
Prima Pramac Racing5Johan Zarco
75%
Repsol Honda44Pol Espargaró
75%
Aprilia12Maverick Viñales
73%
VR46 Mooney72Marco Bezzecchi
72%
Gresini23Enea Bastianini
71%
LCR Honda30Takaaki Nakagami
67%
KTM Redbull88Miguel Oliveira
59%
Yamaha RNF04Andrea Dovizioso
57%
Tech3 KTM25Raúl Fernández
57%
Gresini49Fabio Di Giannantonio
48%
Tech3 KTM87Remy Gardner
45%

Verteilung der Resultate

Perzentil nach korrekt beantworteten Fragen

Anzahl Personen mit jedem Resultat

Ihre Resultats-Entwicklung

Sie haben dieses Quiz noch nicht gespielt